| 000 | 01313cam a22002771i 4500 | ||
|---|---|---|---|
| 003 | SA-RiAUC | ||
| 005 | 20250816153803.0 | ||
| 008 | 250809s1985 ua f 00000 ara c | ||
| 040 |
_aSA-RiAUC _bara _cSA-RiAUC _erda |
||
| 082 | 0 | 4 |
_a346.6 _qSA-RiAUC |
| 090 |
_a346.6 _bط ل ب |
||
| 100 | 1 |
_aطلبة، أنور _eمؤلف. |
|
| 245 | 1 | 0 |
_aعقد الإيجار في ضوء قضاء النقض : _bالتصدي لكافة المنازعات الإيجارية الخاضعة لقوانين إيجار الأماكن أو للقواعد العامة في القانون المدني و حسمها بأحكام النقض / _cأنور طلبة. |
| 264 | 1 |
_aالإسكندرية، مصر : _bدار المطبوعات الجامعية، _c1985. |
|
| 300 |
_a530 صفحة ؛ _c24 سم |
||
| 336 |
_aنص _btxt _2rdacontent _3كتاب |
||
| 337 |
_aبدون وسيط _bn _2rdamedia |
||
| 338 |
_aمجلد _bnc _2rdacarrier |
||
| 650 | 7 |
_aالعقود (فقه إسلامي) _2aucsh |
|
| 650 | 7 |
_aعقود البيع _2aucsh |
|
| 650 | 7 |
_aالقانون التجاري _2aucsh |
|
| 650 | 7 |
_aعقود الإيجار _xقوانين وتشريعات _zمصر _2aucsh |
|
| 650 | 7 |
_aالإيجارات _xقوانين وتشريعات _zمصر _2aucsh |
|
| 942 |
_2ddc _cBOOK _n0 |
||
| 949 |
_aSA-JeALM _d250809 _umohamedma123 _n1 |
||
| 999 |
_c10842 _d10842 |
||